Odhad výživových hodnôt z fotografií jedla pomocou neurónových sietí
Saved in:
| Main Author: | |
|---|---|
| Other Authors: | |
| Format: | Manuscript Book |
| Language: | Slovak English |
| Published: |
2026
|
| Subjects: | |
| Online Access: | http://is.stuba.sk/zp/portal_zp.pl?podrobnosti=185012 |
| Tags: |
No Tags, Be the first to tag this record!
|
MARC
| LEADER | 00000ntm a22000003a 4500 | ||
|---|---|---|---|
| 001 | stuzp108436 | ||
| 003 | SK-STU | ||
| 005 | 20260207210357.5 | ||
| 007 | ta | ||
| 008 | 150427s2015----xo-----f-mn---000-0-slo-d | ||
| 040 | |a STU |b slo | ||
| 041 | 0 | |a eng | |
| 100 | 1 | |a Podolska, Alisa |u 070200 |4 aut |U FIIT Fakulta informatiky a informačných technológií |T FIIT Ústav informatiky, informačných systémov a softvérového inžinierstva |X 128350 |U I200 |Y 179 |7 128350 | |
| 242 | 0 | 1 | |a Odhad výživových hodnôt z fotografií jedla pomocou neurónových sietí |y slo |
| 245 | 1 | 0 | |a Odhad výživových hodnôt z fotografií jedla pomocou neurónových sietí |
| 260 | |c 2026 | ||
| 650 | 4 | |a inštančné segmentovanie |2 slo | |
| 650 | 4 | |a Mask R-CNN |2 slo | |
| 650 | 4 | |a spracovanie potravín |2 slo | |
| 650 | 4 | |a odhad živín |2 slo | |
| 650 | 4 | |a Detectron2 |2 slo | |
| 650 | 4 | |a food computing |2 eng | |
| 650 | 4 | |a nutrient estimation |2 eng | |
| 650 | 4 | |a instance segmentation |2 eng | |
| 650 | 4 | |a Mask R-CNN |2 eng | |
| 650 | 4 | |a Detectron2 |2 eng | |
| 700 | 1 | |a Nguyen Thu, Giang |u 070200 |k Z1 |4 ths |U FIIT Fakulta informatiky a informačných technológií |T FIIT Ústav informatiky, informačných systémov a softvérového inžinierstva |X 90747 |U I200 |Y 179 |7 90747 | |
| 856 | 4 | |u http://is.stuba.sk/zp/portal_zp.pl?podrobnosti=185012 | |